| 000 | 00491nam a2200157 i 4500 | ||
|---|---|---|---|
| 001 | 56707 | ||
| 003 | ES-MaACL | ||
| 005 | 20230906163429.0 | ||
| 007 | t| | ||
| 008 | 031013s1927 sp ||||1| gao d | ||
| 100 | 1 |
_aDieste, Rafael. _944614 |
|
| 245 | 1 | 2 |
_aA fiestra Valdeira _b: comedia de remate ledo en tres lances / _cRafael Dieste. |
| 260 |
_a[S.l. : _bs.n., _c1927] ( _eSantiago : _fTipografĂa do Eco de Santiago) |
||
| 300 |
_a95 p. ; _c19 cm. |
||
| 852 |
_aES-MaACL _jF-14746 _bR.18624 |
||
| 999 |
_c56707 _d56707 |
||